Animali in Italia - Morte Improvvisa - Statistics

Statistiche generali
  • Questo quiz è stato fatto 297 volte
  • Il punteggio medio è 7 su 17
Answers on the Grid
Answers color-coded by a green-red scale on the quiz's grid according to % correct below.
Libellula
Lamantino
Aquila
Lupo
Leone
Lince
Squalo Grigio
Elefante
Canguro
Bisonte
Struzzo
Cervo Virginiano
Polpo
Volpe Rossa
Cervo Nobile
Tigre
Elefante
Cinghiale
Poiana
Scimmia
Ermellino
Tapiro
Tortora
Facocero
Riccio
Alce
Delfino
Vipera
Tartaruga Caretta
Serpente a Sonagli
Procione
Tasso
 
Statistiche sulle risposte
Risposta % Corretto
Libellula
86%
Lupo
86%
Aquila
74%
Cinghiale
49%
Riccio
48%
Polpo
44%
Vipera
39%
Lince
37%
Volpe Rossa
37%
Tortora
34%
Tasso
32%
Delfino
29%
Ermellino
29%
Poiana
29%
Cervo Nobile
23%
Tartaruga Caretta
20%
Squalo Grigio
13%
Nessun quiz corrispondente trovato
Distribuzione punteggi
Percentuale di utenti per punteggio
Percentile per numero di risposta
I tuoi punteggi nel tempo
Non hai fatto questo quiz